• 首页
  • 本馆介绍
  • 公告通知
  • 最新文献
  • 馆藏检索
  • 电子资源
  • 读者导购
  • 参考咨询
  • 我的图书馆
  • 登录
  • 详细信息显示
  • 放入我的书架
  • 预约/预借图书
  • 作者相关作品
  • 分类相关作品
  • 丛书相关作品
  • 出版社相关作品

书目信息

  • 表格格式
  • 工作单格式
  • 卡片格式
题名:
上班族每天都在用的Email大全集
    
 
作者: 金利 主编
分册:  
出版信息: 大连   大连理工大学出版社  2017
页数: 368页
开本: 24cm
丛书名:
单 册:
中图分类: TP393.098
科图分类:
主题词: 电子邮件--英语--写作
电子资源:
ISBN: 978-7-5685-0661-8
000 00832nam0 2200229 450
001 0104124439
005 20170524153129.0
010    @a978-7-5685-0661-8@dCNY36.00
100    @a20170307d2017 em y0chiy0120 ea
101 0  @achi@aeng
102    @aCN@b210000
105    @ay z 000yy
106    @ar
200 1  @a上班族每天都在用的Email大全集@9Shang Ban Zu Mei Tian Dou;Du Zai Yong De;Di E m a i l Da;Dai Quan Ji @f金利主编@b专著
210    @a大连@c大连理工大学出版社@d2017
215    @a368页@d24cm
330    @a本书不仅囊括了外事交流中各种场景,如职场社交、日常办公、贸易交流、保险合同等,还包含有不同题材的正式文体模板,如各类通知、推荐信、咨询函等。
606 0  @a电子邮件@x英语@x写作
690    @aTP393.098@v5
701  0 @a金利@c(英语)@9jin li@4主编
801  0 @aCN@bAZmarc@c20230904
905    @aBZT@dTP393@e167@f8@sTP393/167
    
    上班族每天都在用的Email大全集/金利主编.-大连:大连理工大学出版社,2017
    368页;24cm
    
    
    ISBN 978-7-5685-0661-8:CNY36.00
    本书不仅囊括了外事交流中各种场景,如职场社交、日常办公、贸易交流、保险合同等,还包含有不同题材的正式文体模板,如各类通知、推荐信、咨询函等。
●
相关链接 在五车中查询图书 在当当中查询图书 在豆瓣中查询图书


正题名:上班族每天都在用的Email大全集     索取号:TP393/167         预约/预借

序号 登录号 条形码 馆藏地/架位号 状态 备注
1 2000011803   2000011803   旧书回溯/ [索取号:TP393/167] 在馆    
2 2000011804   2000011804   旧书回溯/ [索取号:TP393/167] 在馆    
3 2000011805   2000011805   旧书回溯/ [索取号:TP393/167] 在馆    
4 2000011806   2000011806   旧书回溯/ [索取号:TP393/167] 在馆    
5 2000011807   2000011807   旧书回溯/ [索取号:TP393/167] 在馆    
6 2000011916   2000011916   旧书回溯/ [索取号:TP393/167] 在馆    
7 2000011917   2000011917   旧书回溯/ [索取号:TP393/167] 在馆    
8 2000011918   2000011918   旧书回溯/ [索取号:TP393/167] 在馆    
山东省滨州职业学院图书馆 欢迎您!
大连网信软件有限公司© 版权所有